Normal view
MARC view
Entry Personal Name
001 - CONTROL NUMBER
- control field: 27995
003 - CONTROL NUMBER IDENTIFIER
- control field: OSt
005 - DATE AND TIME OF LATEST TRANSACTION
- control field: 20211005164519.0
008 - FIXED-LENGTH DATA ELEMENTS
- fixed length control field: 211005|| aca||aabn | a|a d
040 ## - CATALOGING SOURCE
- Original cataloging agency: OSt
- Transcribing agency: OSt
100 ## - HEADING--PERSONAL NAME
- Personal name: Fu, Yang, Ma, Weihong and Vu, Jinjin
670 ## - SOURCE DATA FOUND
- Source citation: Work cat.: (OSt)517734: Fu, Yang, Ma, Weihong and Vu, Jinjin , Fostering voluntary compliance in the Covid-19 pandemic: An analytical framework of information disclosure
